02916nam a2200217 a 450000100100000000500170001000800410002704000250006804100130009308200110010624501810011726000350029830000250033350519550035859000260231356300620233971000800240174000910248195201090257299900170268100004847920201002061202.0190322s2008 dr 000 0 spa d aDO-SdBNPbspacBNPHU17aepabeng axxbxx00aCompendio legislativo en materia de propiedad industrial de la República Dominicana =bIndustrial property in Dominican Republic legislative summary / (Registro nro. 113884). aSanto Domingo :bONAPI,c2008. a184,180 p. ;c24 cm.0 aDe las inverciones, los modelos de ulitildad y los diseños industriales -- Invenciones -- Protección de las invenciones y derecho a la patente de invención -- Procedimiento de concesión de la patente -- Derechos, obligaciones y limitaciones relativos a la patente -- Licencias obligatorias y otras medidas relativas a la explotación de las patentes -- Modelos de utilidad -- Diseños industriales -- Protección de los diseños industriales -- Alcance de los derechos -- Procedimiento de registro --Normas relativas al diseño industrial registrado -- De los signos distintivos-- Definiciones -- Marcas --Derechos sobre la marca --Procedimiento de registro de la marca-- Duración y renovación del registro -- Derechos, obligaciones y limitaciones relativos al registro -- Transferencia y licencia de uso de la marca --Terminación del registro de la marca -- Marcas colectivas -- Marcas de certificación -- Nombres comerciales, rótulos y emblemas -- Nombres comerciales -- Rótulos --Emblemas -- Lemas comerciales -- Indicaciones geográficas -- Indicaciones geográficas en general --Denominaciones de origen -- Normas comunes -- Disposiciones generales -- De la Oficina Nacional de la Propiedad Industrial -- Composición, atribuciones y requisitos de los funcionarios de la Oficina Nacional de la Propiedad Industrial --Oficina Nacional de la Propiedad Industrial -- Del directorio -- Procedimientos 99|Registros y publicidad --Clasificaciones -- De las violaciones de los derechos de propidead industrial -- De las infracciones procedimiento, sanciones y prescripción de los derechos de propiedad industrial -- De la competencia desleal vinculada a la propiedad industrial - De los actos de competencia desleal --De las acciones por competencia desleal -- Disposiciones transistorias y finales (Ley no. 20-00 sobre propiedad industrial de fecha 8 de mayo de 2000)-- Disposiciones transitorias 99Disposiciones finales. aInventariado, 2019/VM aDos obras encuadernadas juntas con paginación invertida2 aOficina Nacional de la Propiedad Industrial (República Dominicana)9758990 aIndustrial property in Dominican Republic legislative summary / (Registro nro. 113884) 0010718PDaPDbPDcHDd2019-03-22iLF1l0oxx xxp48479-10r2020-06-25w2020-06-25yLFPDZNo se presta c47967d47967